000
00309nam a2200121Ia 4500
008
210428s9999 xx 000 0 und d
082
_a
546 P294 H
100
_a
Pradyot pataik
_9
52251
245
0
_a
Hand Book of Inorganic Chemicals
260
_b
McGraw-Hill
_a
New york
_c
2003
300
_a
1086p
942
_c
BK
999
_c
560042
_d
560042